Music Quiz

Random Music or Song Quiz

'Bennie & The Jets' Lyrics Quiz Stats

 Plays Quiz Updated Jun 30, 2012

Challenge
Share
Tweet
Embed
Score 0/123 Timer 05:00
1 Play Today
% Correct
[Chorus x 2]
99.9%
The
97.5%
the
97.5%
the
97.5%
the
97.5%
the
97.5%
the
97.5%
the
97.5%
B-B-B-Bennie
96.9%
B-B-B-Bennie
96.9%
and
96.7%
and
96.7%
and
96.7%
and
96.7%
Bennie
96.7%
and
96.7%
Bennie,
96.6%
Jets.
96.3%
Jets.
96.3%
a
96.2%
a
96.2%
I
88.2%
you
79.5%
You
79.5%
it
77.3%
it
77.3%
in
75.1%
in
75.1%
We
67.1%
we
67.1%
know
65.2%
electric
64.8%
electric
64.8%
magazine.
62.1%
to
61.9%
to
61.9%
Hey,
60.4%
Hey,
60.4%
So
60.2%
so
60.2%
read
60.1%
% Correct
boots,
59.7%
got
59.6%
Oh,
58.4%
Oh,
58.4%
she's
54.5%
She's
54.5%
suit.
53.5%
kids,
53%
kids,
53%
mohair
50.8%
of
46.7%
have
45.9%
out.
43.7%
out
43.7%
them
43.5%
them
43.5%
wonderful.
42.2%
But
42%
but
42%
but
42%
seen
42%
weather.
39.9%
they're
39.7%
they're
39.7%
they're
39.7%
they're
39.7%
around,
38.7%
yet?
37.2%
sound.
36%
together.
35.5%
spaced
33.8%
hear
33.3%
you're
33%
stick
33%
weird
32.9%
music
32.5%
change
32.4%
shake
32%
been
31.5%
really
30.4%
loose
29.9%
% Correct
gonna
29.7%
walls
28%
keen.
27.9%
We'll
27.2%
Ronnie
27.2%
solid
26.2%
something
25.6%
that's
25.2%
Candy
25%
known
24.6%
Say,
23%
our
22.7%
tonight.
22.4%
where
22.4%
kill
21.7%
calf
21.2%
spotlight's
20.9%
us
20.5%
fatted
20.4%
right
20.2%
wrong.
19.9%
take
19.5%
hitting
19.4%
who's
18.7%
who's
18.7%
makes
18.4%
let
17.9%
along,
17.1%
into
16.6%
find
16.4%
streets
14.9%
ageless.
14.2%
fight
13.6%
Maybe
13.6%
plug
12.9%
parents
12.9%
faithless.
12.8%
shall
12.8%
ourselves
12.8%
survive,
12.7%
blinded,
11%

You're not logged in!

Compare scores with friends on all Sporcle quizzes.
Join for Free
OR
Log In

You Might Also Like...

Show Comments

Extras

Top Quizzes Today


Score Distribution

Your Account Isn't Verified!

In order to create a playlist on Sporcle, you need to verify the email address you used during registration. Go to your Sporcle Settings to finish the process.

Report this User

Report this user for behavior that violates our Community Guidelines.

Details: